Flags of Africa But You Are a Daltonist - Statistics

General Stats
  • This quiz has been taken 12 times
  • The average score is 42 of 54
Answer Stats
Picture Answer % Correct
D.R. Congo
100%
Kenya
100%
Libya
100%
Madagascar
100%
Niger
100%
Rep. of the Congo
100%
Burundi
89%
Cameroon
89%
Comoros
89%
Gambia
89%
Ghana
89%
Lesotho
89%
Liberia
89%
Namibia
89%
Senegal
89%
Seychelles
89%
Zimbabwe
89%
Algeria
78%
Central African Republic
78%
Chad
78%
Djibouti
78%
Equatorial Guinea
78%
Ethiopia
78%
Ivory Coast
78%
Rwanda
78%
Sao Tome & Principe
78%
South Africa
78%
Sudan
78%
Tanzania
78%
Zambia
78%
Angola
67%
Benin
67%
Botswana
67%
Burkina Faso
67%
Cape Verde
67%
Egypt
67%
Eritrea
67%
Eswatini
67%
Gabon
67%
Guinea
67%
Guinea-Bissau
67%
Malawi
67%
Mali
67%
Mauritania
67%
Mauritius
67%
Morocco
67%
Mozambique
67%
Nigeria
67%
Sierra Leone
67%
Somalia
67%
South Sudan
67%
Togo
67%
Tunisia
67%
Uganda
67%
No matching quizzes found
Score Distribution
Percent of People with Each Score
Percentile by Number Answered
Your Score History
You have not taken this quiz